[Event "Klatovy op-B 23rd"]
[Site "Klatovy"]
[Date "2017.07.09"]
[Round "9"]
[White "Sindelar, Jan"]
[Black "Haderka, Karel"]
[Result "0-1"]
[WhiteElo "1395"]
[BlackElo "1825"]
[PlyCount "52"]
[EventDate "2017.07.01"]
[EventType "swiss"]
[EventRounds "9"]
[EventCountry "CZE"]
[SourceTitle "EXT 2018"]
[Source "ChessBase"]
[SourceDate "2017.10.13"]
[SourceVersion "1"]
[SourceVersionDate "2017.10.13"]
[SourceQuality "1"]

1. e3 e5 2. b3 d5 3. Bb2 Nd7 4. Nf3 Bd6 5. c4 Ngf6 6. Nc3 c6 7. cxd5 Nxd5 8. Nxd5 cxd5 9. Bb5 Qe7 10. 0-0 0-0 11. g3 Nf6 12. d4 e4 13. Ne5 Bh3 14. Re1 Bb4 15. Re2 a6 16. Ba4 b5 17. Qc2 bxa4 18. Nc6 Qb7 19. bxa4 Rfc8 20. Qc1 Bd7 21. Nxb4 Qxb4 22. Bc3 Qxa4 23. Rb1 Rc4 24. Qb2 Rac8 25. Rc1 h6 26. Kg2 Qc6 0-1

[Event "Klatovy op-B 23rd"]
[Site "Klatovy"]
[Date "2017.07.03"]
[Round "3"]
[White "Haderka, Karel"]
[Black "Hartmann, Andreas"]
[Result "0-1"]
[WhiteElo "1825"]
[BlackElo "1685"]
[PlyCount "104"]
[EventDate "2017.07.01"]
[EventType "swiss"]
[EventRounds "9"]
[EventCountry "CZE"]
[SourceTitle "EXT 2018"]
[Source "ChessBase"]
[SourceDate "2017.10.13"]
[SourceVersion "1"]
[SourceVersionDate "2017.10.13"]
[SourceQuality "1"]

1. c4 b6 2. Nc3 Bb7 3. d4 g6 4. e4 Bg7 5. Nf3 d6 6. Bd3 Nd7 7. Be3 Ngf6 8. h3 a6 9. 0-0 e5 10. d5 0-0 11. Rc1 h6 12. Qd2 Kh7 13. b4 c6 14. a3 a5 15. dxc6 Bxc6 16. Nd5 Re8 17. Rb1 Bxd5 18. cxd5 Nxd5 19. exd5 e4 20. Ng5+ hxg5 21. Bxg5 f6 22. Bb5 fxg5 23. Bxd7 Qxd7 24. Qxg5 Qf5 25. Qd2 a4 26. Rbd1 Rac8 27. Qe3 Rb8 28. Qe2 b5 29. Qe3 Rb7 30. Qc1 Rc8 31. Qb1 Rc4 32. Qa2 Rbc7 33. Qe2 Qf4 34. Rfe1 Be5 35. g3 Qf5 36. Qf1 Rc2 37. Re2 R2c4 38. Red2 Qg5 39. Qe2 Qf5 40. Qf1 e3 41. fxe3 Qxf1+ 42. Kxf1 Bxg3 43. Kg2 Be5 44. Kf3 Rf7+ 45. Kg2 Rc3 46. Rd3 Rc2+ 47. R1d2 Rfc7 48. Rxc2 Rxc2+ 49. Kf3 Rc3 50. Ke4 Rxd3 51. Kxd3 Kg7 52. e4 Kh6 0-1

[Event "CZE-ch Seniors 70"]
[Site "Rychnov nad Kneznou"]
[Date "2015.08.19"]
[Round "5"]
[White "Haderka, Karel"]
[Black "Macura, Emil"]
[Result "0-1"]
[WhiteElo "1820"]
[BlackElo "2016"]
[PlyCount "118"]
[EventDate "2015.08.15"]
[EventType "swiss"]
[EventRounds "9"]
[EventCountry "CZE"]
[SourceTitle "EXT 2016"]
[Source "ChessBase"]
[SourceDate "2015.10.08"]
[SourceVersion "1"]
[SourceVersionDate "2015.10.08"]
[SourceQuality "1"]

1. c4 Nf6 2. Nc3 e6 3. g3 d5 4. cxd5 exd5 5. d4 Be7 6. Bg2 c6 7. Nf3 Bf5 8. 0-0 Nbd7 9. Bd2 h6 10. Rc1 0-0 11. Bf4 Re8 12. Re1 Bf8 13. h3 Qb6 14. g4 Bh7 15. Qb3 g5 16. Be3 Bd6 17. Bd2 Ne4 18. e3 Ndf6 19. Na4 Qxb3 20. axb3 Rac8 21. Nc5 Nxd2 22. Nxd2 b6 23. Na4 Kg7 24. Nc3 Ng8 25. e4 Bf4 26. Rcd1 Rcd8 27. Nf1 dxe4 28. Bxe4 Bxe4 29. Rxe4 Rxe4 30. Nxe4 Nf6 31. Nxf6 Kxf6 32. Ne3 Bxe3 33. fxe3 c5 34. Kf2 Ke6 35. Ke2 cxd4 36. exd4 f5 37. gxf5+ Kxf5 38. Kf3 h5 39. Rd2 Rd5 40. Ke3 Rd7 41. Rf2+ Kg6 42. Ke4 g4 43. hxg4 hxg4 44. d5 Re7+ 45. Kd4 Rf7 46. Re2 g3 47. Re3 Rf4+ 48. Ke5 Rg4 49. Re1 g2 50. Rg1 Kf7 51. Kd6 Ke8 52. Kc6 Kd8 53. d6 Rg5 54. b4 b5 55. d7 a6 56. Kd6 Rg6+ 57. Ke5 Kxd7 58. Kf4 Ke6 59. Kf3 Kd5 0-1

[Event "CZE-chT2F 1415"]
[Site "Czech Republic"]
[Date "2015.04.19"]
[Round "11.58"]
[White "Haderka, Karel"]
[Black "Kostka, Vit"]
[Result "0-1"]
[WhiteElo "1841"]
[BlackElo "1864"]
[PlyCount "76"]
[EventDate "2014.11.02"]
[EventType "team-tourn"]
[EventRounds "11"]
[EventCountry "CZE"]
[SourceTitle "EXT 2022"]
[Source "ChessBase"]
[SourceDate "2021.10.06"]
[SourceVersion "1"]
[SourceVersionDate "2021.10.06"]
[SourceQuality "1"]
[WhiteTeam "Litovel Tatran II"]
[BlackTeam "Orlova Slavia II"]
[WhiteTeamCountry "CZE"]
[BlackTeamCountry "CZE"]

1. c4 Nf6 2. Nc3 g6 3. g3 Bg7 4. Bg2 d6 5. Nf3 0-0 6. 0-0 c6 7. d3 Nbd7 8. Bd2 e5 9. Qc1 Re8 10. Bh6 Bh8 11. Bg5 Qc7 12. e4 Nc5 13. Qd2 a5 14. b3 Ne6 15. h4 Ng4 16. Nh2 Nd4 17. f3 Nxh2 18. Kxh2 Bg7 19. Bh6 f5 20. Bxg7 Qxg7 21. f4 Rf8 22. Ne2 Ne6 23. Rad1 c5 24. exf5 gxf5 25. Bd5 Kh8 26. Rf2 Ra7 27. Qe3 b6 28. Rdf1 Nd4 29. Ng1 Re7 30. Nf3 h6 31. fxe5 dxe5 32. Re1 f4 33. gxf4 Nf5 34. Qe2 Qg3+ 35. Kh1 Qxf4 36. Rg2 Ng3+ 37. Rxg3 Qxg3 38. Qg2 Rxf3 0-1

[Event "Kouty nad Desnou op-B"]
[Site "Kouty nad Desnou"]
[Date "2015.03.11"]
[Round "6"]
[White "Haderka, Karel"]
[Black "Berezjuk, Rostislav"]
[Result "1/2-1/2"]
[WhiteElo "1822"]
[BlackElo "1505"]
[PlyCount "83"]
[EventDate "2015.03.07"]
[EventType "swiss"]
[EventRounds "9"]
[EventCountry "CZE"]
[SourceTitle "EXT 2017"]
[Source "ChessBase"]
[SourceDate "2016.10.25"]
[SourceVersion "1"]
[SourceVersionDate "2016.10.25"]
[SourceQuality "1"]

1. c4 e5 2. Nc3 Nf6 3. g3 Nc6 4. Bg2 Bc5 5. e3 0-0 6. Nge2 d5 7. cxd5 Nb4 8. d4 exd4 9. exd4 Bb6 10. Bg5 Bf5 11. 0-0 h6 12. Bxf6 Qxf6 13. Ne4 Qe7 14. N2c3 Rad8 15. Re1 Kh8 16. a3 Na6 17. Qd2 Qd7 18. Rad1 c6 19. d6 Bxe4 20. Rxe4 Qxd6 21. Rh4 Nc7 22. Na4 Nd5 23. Nxb6 axb6 24. Be4 Kg8 25. Bb1 Rfe8 26. Qd3 Nf6 27. Rf4 c5 28. Qf3 Qd5 29. Qd3 Re6 30. Rxf6 gxf6 31. Qh7+ Kf8 32. Qxh6+ Ke7 33. b4 cxd4 34. Qd2 Re5 35. Ba2 Qe4 36. Rc1 b5 37. Qh6 Qe2 38. Rc7+ Rd7 39. Rxd7+ Kxd7 40. Qxf6 Qe1+ 41. Kg2 Qe4+ 42. Kg1 1/2-1/2

[Event "Kouty nad Desnou op-B"]
[Site "Kouty nad Desnou"]
[Date "2015.03.08"]
[Round "2"]
[White "Haderka, Karel"]
[Black "Suchomel, Jaromir"]
[Result "1-0"]
[WhiteElo "1822"]
[BlackElo "1513"]
[PlyCount "80"]
[EventDate "2015.03.07"]
[EventType "swiss"]
[EventRounds "9"]
[EventCountry "CZE"]
[SourceTitle "EXT 2017"]
[Source "ChessBase"]
[SourceDate "2016.10.25"]
[SourceVersion "1"]
[SourceVersionDate "2016.10.25"]
[SourceQuality "1"]

1. c4 c6 2. g3 d5 3. cxd5 cxd5 4. Bg2 Bf5 5. Nf3 h6 6. 0-0 e6 7. d3 Nf6 8. Nd4 Bg6 9. Nc3 Be7 10. Qb3 b6 11. Bf4 0-0 12. Ncb5 Na6 13. Nc6 Nc5 14. Qa3 Qd7 15. Nxe7+ Qxe7 16. Bd6 Qd7 17. Bxf8 Qxb5 18. Bxc5 bxc5 19. Rac1 Nd7 20. Rc3 Qb4 21. Rfc1 a5 22. Rd1 Rb8 23. Qxb4 axb4 24. Rcc1 Rc8 25. f4 Nb6 26. b3 d4 27. Rc2 Bf5 28. Rdc1 Nd7 29. Rc4 Bg4 30. Kf2 Bf5 31. Rxb4 Kh7 32. Rxd4 Nf6 33. Rdc4 Ng4+ 34. Kg1 Ne3 35. Rxc5 Rd8 36. Bf3 Ng4 37. h3 Nf6 38. g4 Nd5 39. Bxd5 exd5 40. gxf5 Re8 1-0

[Event "Kouty nad Desnou op-B"]
[Site "Kouty nad Desnou"]
[Date "2014.03.12"]
[Round "6"]
[White "Haderka, Karel"]
[Black "Sefcik, Miroslav"]
[Result "1/2-1/2"]
[WhiteElo "1858"]
[BlackElo "1522"]
[PlyCount "82"]
[EventDate "2014.03.08"]
[EventType "swiss"]
[EventRounds "9"]
[EventCountry "CZE"]
[SourceTitle "EXT 2015"]
[Source "ChessBase"]
[SourceDate "2014.11.20"]
[SourceVersion "1"]
[SourceVersionDate "2014.11.20"]
[SourceQuality "1"]

1. c4 e5 2. Nc3 Nf6 3. g3 d5 4. cxd5 Nxd5 5. Bg2 Be6 6. d3 Bb4 7. Bd2 Nc6 8. a3 Ba5 9. Nf3 0-0 10. 0-0 Qd7 11. b4 Bb6 12. b5 Nxc3 13. Bxc3 Nd4 14. Nxe5 Qxb5 15. Nc4 Bxc4 16. dxc4 Qxc4 17. Bxd4 Qxd4 18. Bxb7 Rad8 19. Qb3 Qe5 20. Ra2 Rb8 21. Qf3 Rfd8 22. Bc6 Rd6 23. Rc2 Rbd8 24. a4 Rd2 25. Rxd2 Rxd2 26. Bb5 Qd5 27. Kg2 Kf8 28. Rc1 Qxf3+ 29. Kxf3 Rd6 30. e3 Ke7 31. Rc4 h6 32. h4 Rf6+ 33. Ke2 Re6 34. e4 f5 35. Bc6 fxe4 36. Bxe4 Kf6 37. g4 g5 38. h5 Ke5 39. Bf5 Rd6 40. f3 Rd4 41. Rc6 Rd6 1/2-1/2

[Event "Nachod op 11th"]
[Site "Nachod"]
[Date "2013.07.01"]
[Round "3"]
[White "Haderka, Karel"]
[Black "Cermak, Jan"]
[Result "1/2-1/2"]
[WhiteElo "1945"]
[BlackElo "1740"]
[PlyCount "116"]
[EventDate "2013.06.29"]
[EventType "swiss"]
[EventRounds "9"]
[EventCountry "CZE"]
[SourceTitle "CBM 155 Extra"]
[Source "ChessBase"]
[SourceDate "2013.08.26"]
[SourceVersion "1"]
[SourceVersionDate "2013.08.26"]
[SourceQuality "1"]

1. c4 c6 2. Nc3 d5 3. cxd5 cxd5 4. d4 Nf6 5. g3 e6 6. Bg2 Nc6 7. e3 Bd6 8. Nge2 0-0 9. 0-0 Ne7 10. Nb5 Bb8 11. b3 b6 12. Ba3 Ba6 13. Bxe7 Qxe7 14. Nec3 Rc8 15. Re1 Bb7 16. Na4 a6 17. Nbc3 Ba7 18. Rc1 Rc7 19. Ne2 Rac8 20. Qd2 h6 21. b4 Ne8 22. Rxc7 Rxc7 23. Rc1 Nd6 24. Rxc7 Qxc7 25. Nb2 Bb8 26. Qc3 Kf8 27. Qxc7 Bxc7 28. Nc3 Ke7 29. a4 f6 30. Bf1 g5 31. f4 Nf5 32. Kf2 e5 33. dxe5 fxe5 34. Bh3 Nxe3 35. fxg5 hxg5 36. Kxe3 d4+ 37. Kd3 dxc3 38. Kxc3 Kf6 39. Nc4 Bd5 40. Bc8 a5 41. Ne3 axb4+ 42. Kxb4 Bc6 43. Kc4 Kg6 44. Bf5+ Kg7 45. Bc2 Bd8 46. Nd5 Kf7 47. Nb4 Bb7 48. Kb5 Ke6 49. Nc6 Bc7 50. Be4 Kd6 51. h4 Bxc6+ 52. Bxc6 gxh4 53. gxh4 Ke6 54. Be4 Kf6 55. Kc6 Bd8 56. h5 Kg7 57. Kd5 Bh4 58. Kxe5 Kh6 1/2-1/2

[Event "IPCA Wch-A 13th"]
[Site "Velke Losiny"]
[Date "2013.06.18"]
[Round "1"]
[White "Obodchuk, Andrei"]
[Black "Haderka, Karel"]
[Result "1-0"]
[WhiteElo "2410"]
[BlackElo "1945"]
[PlyCount "69"]
[EventDate "2013.06.18"]
[EventType "swiss"]
[EventRounds "9"]
[EventCountry "CZE"]
[SourceTitle "CBM 155 Extra"]
[Source "ChessBase"]
[SourceDate "2013.08.26"]
[SourceVersion "1"]
[SourceVersionDate "2013.08.26"]
[SourceQuality "1"]

1. e4 e5 2. Nf3 Nc6 3. d4 exd4 4. Nxd4 Qh4 5. Nc3 Bb4 6. Ndb5 Qxe4+ 7. Be2 Kd8 8. 0-0 Bxc3 9. bxc3 Nge7 10. Re1 a6 11. Nd4 Nxd4 12. cxd4 d5 13. Bh5 Qh4 14. g3 Qf6 15. Re5 h6 16. Ba3 Be6 17. Bf3 c6 18. Rb1 Kc7 19. Re3 Nf5 20. Reb3 b5 21. Bc5 Nd6 22. a4 Ne4 23. Bb4 g5 24. Ra3 a5 25. Be1 b4 26. Re3 Bf5 27. Rc1 Nd6 28. c3 Nc4 29. cxb4 Nxe3 30. fxe3 Kd7 31. b5 cxb5 32. Bxd5 b4 33. Bxa8 Rxa8 34. Qf3 Ra7 35. g4 1-0

[Event "Rychnov op"]
[Site "Rychnov nad Kneznou"]
[Date "2010.08.27"]
[Round "5"]
[White "Haderka, Karel"]
[Black "Stec, Frantisek"]
[Result "0-1"]
[WhiteElo "1948"]
[BlackElo "2090"]
[PlyCount "52"]
[EventDate "2010.08.23"]
[EventType "swiss"]
[EventRounds "7"]
[EventCountry "CZE"]
[SourceTitle "CBM 138 Extra"]
[Source "ChessBase"]
[SourceDate "2010.10.29"]
[SourceVersion "1"]
[SourceVersionDate "2010.10.29"]
[SourceQuality "1"]

1. d4 Nf6 2. d5 c6 3. c4 g6 4. Nc3 Bg7 5. e4 d6 6. Bd3 0-0 7. Nge2 a6 8. Bd2 Re8 9. 0-0 Nbd7 10. h3 Ne5 11. Qc2 Nxd3 12. Qxd3 Nd7 13. b3 b5 14. Rad1 Nc5 15. Qc2 b4 16. Nb1 cxd5 17. Bxb4 Nxe4 18. cxd5 Bf5 19. Qc1 Qb6 20. Qa3 a5 21. Be1 Rec8 22. Rc1 Rxc1 23. Qxc1 Rc8 24. Qa3 Qb5 25. Ng3 Nxg3 26. fxg3 Bxb1 0-1